| 000 | 01367nam0a22002651 4500 | ||
|---|---|---|---|
| 001 | rc\4197866 | ||
| 005 | 20260408022128.0 | ||
| 021 |
_aRU _b[49-17510] |
||
| 035 | _a(NLR Aleph) 008006509 | ||
| 090 |
_a8673263 _c8673263 |
||
| 100 | _a20130415d1949 |||y0rusy50 ca | ||
| 101 | 0 | _arus | |
| 102 | _aRU | ||
| 105 | _ay z ||||| | ||
| 200 | 1 | _aОсновные условия поставки рыботоваров на 1949 год торговыми конторами (базами) Главного управления по сбыту рыбной продукции Министерства рыбной промышленности СССР торговым организациям системы Министерства торговли СССР, Центросоюза, ОРС'ам и продснабам министерств и ведомств | |
| 210 |
_a[Москва] _cтип. Центросоюза _d[1949] |
||
| 215 |
_a15 с. _d20 |
||
| 300 | _aБез тит. л. и обл. | ||
| 710 | 0 | 1 |
_aСССР _bГлавное управление по сбыту резиновой продукции _9861227 _3RU\NLR\AUTH\8810182302 |
| 712 | 0 | 1 |
_aСССР _bМинистерство торговли _9299814 _3RU\NLR\AUTH\8813405 |
| 801 | 0 |
_aRU _bNLR _gpsbo |
|
| 801 | 1 |
_aRU _bELAR _2rusmarc |
|
| 852 |
_aNLR _jЭк54 Г-4/670 |
||
| 942 | _cBOOK | ||
| 980 | _aNB | ||